Normal view
MARC view
- Parikh R
Entry Personal Name
001 - CONTROL NUMBER
- control field: 121287
003 - CONTROL NUMBER IDENTIFIER
- control field: OSt
005 - DATE AND TIME OF LATEST TRANSACTION
- control field: 20230313121400.0
008 - FIXED-LENGTH DATA ELEMENTS
- fixed length control field: 230313|| aca||aabn | a|a d
040 ## - CATALOGING SOURCE
- Original cataloging agency: OSt
- Transcribing agency: OSt
100 ## - HEADING--PERSONAL NAME
- Personal name: Parikh R
670 ## - SOURCE DATA FOUND
- Source citation: Work cat.: (OSt)100109: Parikh R., 186 Ready To Run Programs For Borland C++ 3.1 Under Windows 3.1